[Event "CZE-chT2d 0607"]
[Site "Czech Republic"]
[Date "2006.10.15"]
[Round "1"]
[White "Kratochvil, Milan"]
[Black "Sysel, Jiri"]
[Result "1-0"]
[WhiteElo "2041"]
[BlackElo "1933"]
[PlyCount "49"]
[EventDate "2006.10.15"]
[EventType "team"]
[EventRounds "11"]
[EventCountry "CZE"]
[SourceTitle "EXT 2009"]
[Source "ChessBase"]
[SourceDate "2008.11.26"]
[SourceVersion "1"]
[SourceVersionDate "2008.11.26"]
[SourceQuality "1"]

1. e4 c5 2. c3 d6 3. d4 cxd4 4. cxd4 Nf6 5. Nc3 g6 6. Be3 Bg7 7. f3 a6 8. Qd2 0-0 9. g4 b5 10. Bh6 Nc6 11. d5 Bxh6 12. Qxh6 Ne5 13. h4 b4 14. Nd1 Qb6 15. h5 a5 16. Ne3 Qd4 17. Rd1 Qxb2 18. Be2 Ba6 19. Bxa6 Rxa6 20. g5 Nxh5 21. Rxh5 gxh5 22. Nf5 Ng6 23. Rd4 Qc1+ 24. Kf2 Qb2+ 25. Ne2 1-0